Tuhfatul Awam. (Record no. 2139)
[ view plain ]
| 000 -LEADER | |
|---|---|
| fixed length control field | 00612nam a2200253 a 4500 |
| 020 ## - INTERNATIONAL STANDARD BOOK NUMBER | |
| ISBN | |
| 082 00 - DEWEY DECIMAL CLASSIFICATION NUMBER | |
| Classification number | 297.82 |
| Author Cutter | HAS |
| 100 ## - MAIN ENTRY--AUTHOR NAME | |
| Author name | Hassan, Syed Aqa |
| 245 ## - TITLE STATEMENT | |
| Title | Tuhfatul Awam. |
| 260 ## - PUBLICATION, DISTRIBUTION, ETC. (IMPRINT) | |
| Place of publication | Lucknow |
| Name of publisher | Sadiq Book Agency |
| Year of publication | 1927 |
| 300 ## - PHYSICAL DESCRIPTION | |
| Number of Pages | 384p. |
| 500 ## - GENERAL NOTE | |
| General note | includes index and biblioraphy |
| 505 2# - FORMATTED CONTENTS NOTE | |
| Formatted contents note | Index |
| 650 ## - SUBJECT ADDED ENTRY--TOPICAL TERM | |
| Topical Term | Islam-Sects-conflicts-ahmadiyya |
| 650 ## - SUBJECT ADDED ENTRY--TOPICAL TERM | |
| Topical Term | Shiah-Doctrines |
| 942 ## - ADDED ENTRY ELEMENTS (KOHA) | |
| Koha item type | Books |
| 700 1# - | |
| -- | Hassan, Syed Aqa |
| Home library | Current library | Date acquired | Cost, normal purchase price | Full call number | Accession Number | Koha item type |
|---|---|---|---|---|---|---|
| Henry Martyn Institute Library | Henry Martyn Institute Library | 100.00 | 297.82 HAS | 4393 | Archive Book | |
| Henry Martyn Institute Library | Henry Martyn Institute Library | 100.00 | 297.82 HAS | 10154 | Archive Book |
